|
|
|
|
| LEADER |
00000nsb a2200000 a 4500 |
| 005 |
20230308205157.0 |
| 008 |
013050| ||||||||r|||||||||||spa|| |
| 040 |
|
|
|b spa
|
| 041 |
1 |
|
|a spa
|
| 082 |
0 |
|
|a 305
|
| 245 |
|
|
|a Investigaciones hidrológicas de calidad de agua y suelos, en humedales altoandinos en le sureste del Ecuador
|c Jhonatan Cajamarca, Pedro Cisneros, Jorge García, Vicente Iñiguez y Oscar Morales
|h imp
|
| 264 |
|
|
|a Cuenca
|b Universidad de Cuenca. Facultad de Ciencias Económicas y Administrativas
|c Diciembre de 2011
|
| 300 |
|
|
|a páginas: 8-38
|c 21,5 cm
|
| 362 |
|
|
|a no. 10 (Diciembre de 2011)
|
| 650 |
|
|
|a Revista coyuntura
|9 280830
|
| 650 |
|
|
|a Investigacion hidrologica
|9 201033
|
| 650 |
|
|
|a Calidad de agua
|9 41533
|
| 650 |
|
|
|a Agua
|9 3424
|
| 650 |
|
|
|a Suelo
|9 14614
|
| 650 |
|
|
|a Humedales
|9 145122
|
| 650 |
|
|
|a Ecuador
|
| 650 |
|
|
|a Paramo de quimsacocha
|9 156522
|
| 650 |
|
|
|a Quimsacocha
|9 156596
|
| 700 |
1 |
|
|a Cajamarca, Jhonatan
|e coautor
|9 285169
|
| 700 |
1 |
|
|a Cisneros, Pedro
|e coautor
|9 285170
|
| 700 |
1 |
|
|a García, Jorge
|e coautor
|9 28865
|
| 700 |
1 |
|
|a Iñiguez, Vicente
|e coautor
|9 285171
|
| 700 |
1 |
|
|a Morales, Oscar
|e coautor
|9 285172
|
| 710 |
1 |
|
|a Universidad de Cuenca
|
| 773 |
0 |
|
|0 Asi1692
|9 Asi1692
|a Cajamarca, Jhonatan Universidad de Cuenca
|d Cuenca Universidad de Cuenca. Facultad de Ciencias Económicas y Administrativas Diciembre de 2011
|o Asi1692
|w Asi1692
|g 177 páginas:
|t Coyuntura
|6 Asi1692
|
| 852 |
|
|
|a UC-YANUNCAY
|c SALA 2 ARTES
|f Donación
|k bcabrera
|l 1
|m General
|p 20130506
|q 1.00
|r 2
|b 0
|d CDRY
|e CDRY
|g 305 SALA 2 ARTES
|z 2013-30-50
|
| 942 |
|
|
|c SERA
|
| 999 |
|
|
|c 110517
|d 110517
|